000
00336nam a2200133Ia 4500
008
240624s9999 xx 000 0 und d
041
_a
eng
082
_a
658.4012 LOR
100
_a
LORANGE PETER
245
_a
FROM GREAT TO GONE WHY FMCG COMPANIES AR
260
_c
2014
_a
New Delhi
_b
Routledge
300
_a
174 : p.
365
_c
BPS
_b
31
999
_c
28695
_d
28695